Catalog

Record Details

Catalog Search



Everything is horrible and wonderful : a ... Read More

Available copies

  • 1 of 1 copy available at LARL/NWRL Consortium.

Current holds

0 current holds with 1 total copy.

Show Only Available Copies
Location Call Number / Copy Notes Barcode Shelving Location Status Due Date
Roseau Public Library 362.293 WIT (Text) 35500006025348 Main Available -

Record details

  • ISBN: 9781492664109
  • ISBN: 1492664103
  • Physical Description: xix, 265 pages ; 24 cm
  • Publisher: Naperville, Illinois : Sourcebooks, [2018]

Content descriptions

Summary, etc.:
When Wittels Wachs's younger brother Harris died ... Read More
Subject: Wittels Wachs, Stephanie.
Wittels, Harris.
Drug addicts > Family relationships > United States.
Heroin abuse > United States.
Genre: Brothers and sisters > United States.
Biographies.
Autobiographies.
LDR 01934cam a22004458i 4500
001278106
003LARL_NWRL_CONSORTIUM
00520180223165155.0
008171027t20182018ilu 000 0deng
010 . ‡a 2017046007
040 . ‡aDLC ‡beng ‡erda ‡cDLC ‡dOCLCO ‡dILC ‡dFM0
020 . ‡a9781492664109 ‡q(hardcover : alk. paper)
020 . ‡a1492664103
035 . ‡a(OCoLC)1002129495
042 . ‡apcc
043 . ‡an-us---
08200. ‡a362.29/3092273 ‡223
1001 . ‡aWittels Wachs, Stephanie, ‡eauthor. ‡0(LARL_NWRL_CONSORTIUM)225999
24510. ‡aEverything is horrible and wonderful : ‡ba tragicomic memoir of genius, heroin, love, and loss / ‡cStephanie Wittels Wachs.
264 1. ‡aNaperville, Illinois : ‡bSourcebooks, ‡c[2018]
264 4. ‡c©2018
300 . ‡axix, 265 pages ; ‡c24 cm
336 . ‡atext ‡btxt ‡2rdacontent
337 . ‡aunmediated ‡bn ‡2rdamedia
338 . ‡avolume ‡bnc ‡2rdacarrier
520 . ‡aWhen Wittels Wachs's younger brother Harris died of a heroin overdose, she didn't know how to make sense of such a tragic end to a life of so much hilarious brilliance. Here she alternates between her brother's struggle with addiction, and the first year after his death. Even in all its emotional devastation, this exploration of the love between siblings will make you laugh, cry... and wonder if that possum on the fence is really your brother's spirit animal.
60010. ‡aWittels Wachs, Stephanie. ‡0(LARL_NWRL_CONSORTIUM)225999
60010. ‡aWittels, Harris.
650 0. ‡aDrug addicts ‡xFamily relationships ‡zUnited States.
650 0. ‡aHeroin abuse ‡zUnited States.
655 0. ‡aBrothers and sisters ‡zUnited States.
655 7. ‡aBiographies. ‡2lcgft
655 7. ‡aAutobiographies. ‡2lcgft
901 . ‡a278106 ‡bOCoLC ‡c278106 ‡tbiblio ‡soclc

Additional Resources